Discographie Complète Winnterzuko - Statistiques

Statistiques générales
  • Ce quiz a été pris 36 fois
  • Le résultat moyen est 73 sur 107
Statistiques - réponses
Hint Réponses % Correct
DIRTY (feat. Khali)
95%
Monono
95%
Trotski
95%
BoogiePop
89%
Génération FOMO
89%
JE SUIS MUSIK
89%
LA RUCHE (feat. Realo & So La Lune)
89%
Les Stations
89%
Monstre
89%
Nécrose
89%
North2
89%
HOUDI NUAGES
89%
PAPA T OU
89%
Requiem For Me
89%
Stress
89%
wannacry
89%
WANNACRY2
89%
8H36 (feat. wasting shit)
84%
BRUCE LEE
84%
Deadstar
84%
Deep Girl
84%
DEVIL JIN
84%
Enfer et Paradis
84%
#FreeBritney
84%
Godless
84%
Happy Meal
84%
Homelander
84%
Humain
84%
Kimura
84%
lol
84%
NAKAMA
84%
Nascar
84%
Numero Deep
84%
Rollo
84%
Serpentard
84%
SUZUKI
84%
SYNCHRONICITY
84%
TimeTravel
84%
VAN GOGH
84%
(ft. Roseboy666) 100 pompes
79%
115
79%
Brakmar
79%
Brook Was Here
79%
Dolores
79%
Adèle Castillon Frissons (feat. winnterzuko)
79%
Greco
79%
IBM 5100
79%
Mr. Rabbit
79%
Olala
79%
Ghost Killer Track Oxygène (feat. winnterzuko)
79%
(ft. MnRakaKenny Devil Bats
74%
FM Vita
74%
GEARLESS
74%
Promesses Vol.2 Heart
74%
Help!
74%
Jeep
74%
Le Règlement Kino
74%
Langmore
74%
Network
74%
New Wave
74%
Off
74%
Singe Savant
74%
abel31 2031
68%
grv triste :(
68%
Sadek La balade du repenti
68%
MI5
68%
Bricksy & 3g Movie
68%
Empty7 Pas de chance
68%
PGM
68%
Raisin Boy
68%
Utopia Pt.1
68%
Realo & Tony Seng REVERBERE
63%
Salieri
63%
wasting shit ELEVATOR
58%
1863 Parasite (feat. eat_for_rats)
58%
Nyluu Toxine
58%
Trapless
58%
Realo BRAZY
53%
Ener
53%
Jessica Hyde
53%
R.I.P. Christos
53%
La Relève Thorfinn
53%
BLVCK MAMBA Crossover (feat. winnterzuko & Beamer)
47%
(ft. Hiei) Escadron Genesis
47%
(ft. zero) Reva Diamonds
47%
asgard
42%
Wassup Rio Hellsing
42%
Realo & koboi LE MONDE
42%
Beamer Mustang
42%
spaggiari
42%
aldana
37%
Zoomy & Vilhelm. Bastille
37%
Envy
37%
zeppeli
37%
(ft. zero) DEFCON 1
32%
John Titor
32%
noah bennet
32%
persona grata
32%
cancel
26%
Overseas Vol.1 Causa
26%
Edward Bernays
26%
Enma Get It
26%
Kriss la Krass
21%
noblesse oblige
21%
(ft. MNR) PHANTOMHIVE
21%
trop deuss
16%
Aucun quiz correspondant
Distribution des résultats
% des personnes avec chaque résultat
Percentile par nombre de réponses
Votre historique - résultats
Vous n’avez pas pris ce quiz